Onko tämä jonkin valtion lipun osa? - Äkkikuolema - Statistics

Yleistilastot
  • Tätä visaa on pelattu 3 150 kertaa
  • Keskiarvotulos 6 / 18
Answers on the Grid
Answers color-coded by a green-red scale on the quiz's grid according to % correct below.
 
Vastaustilastot
Vastaus % Oikein
Qatar
56%
Pakistan
56%
Burkina Faso
49%
Barbados
43%
Singapore
43%
Antigua ja Barbuda
38%
Liechtenstein
36%
Intia
36%
Georgia
35%
Turkmenistan
33%
Namibia
25%
Lesotho
25%
Eritrea
22%
Etelä-Korea
18%
Iran
16%
Uusi-Seelanti
13%
Grenada
10%
Mongolia
6%
Ehtoja vastaavia visoja ei löytynyt
Tulosjakauma
Jokaisen tuloksen saaneiden osuus
Persentiili vastausten määrän mukaan
Tuloshistoriasi
Et ole pelannut tätä visaa